History of the central limit theorem (Record no. 76555)

MARC details
000 -LEADER
fixed length control field 00676nam a22001817a 4500
005 - DATE AND TIME OF LATEST TRANSACTION
control field 20121205113659.0
008 - FIXED-LENGTH DATA ELEMENTS--GENERAL INFORMATION
fixed length control field 121205t xxu||||| |||| 00| 0 eng d
080 ## - UNIVERSAL DECIMAL CLASSIFICATION NUMBER
Universal Decimal Classification number 519.214
Item number FIS
100 ## - MAIN ENTRY--PERSONAL NAME
Personal name Fischer, Hans
245 ## - TITLE STATEMENT
Title History of the central limit theorem
Remainder of title from classical to modern probability theory
300 ## - PHYSICAL DESCRIPTION
Extent xvi, 402p.
490 ## - SERIES STATEMENT
Series statement Sources and studies in the history of Mathematics and Physical Science
653 ## - INDEX TERM--UNCONTROLLED
Uncontrolled term Probability - Central limit theorem (CLT)
942 ## - ADDED ENTRY ELEMENTS (KOHA)
item type Books
260 ## - PUBLICATION, DISTRIBUTION, ETC. (IMPRINT)
Place of publication, distribution, etc New York
Name of publisher, distributor, etc Springer Science
Date of publication, distribution, etc 2011
020 ## - INTERNATIONAL STANDARD BOOK NUMBER
International Standard Book Number 9780387878560
260 ## - PUBLICATION, DISTRIBUTION, ETC. (IMPRINT)
-- 22302
Holdings
Lost status Source of classification or shelving scheme Not for loan Home library Current library Date acquired Total Checkouts Full call number Barcode Date last seen Price effective from Koha item type
  Universal Decimal Classification   University Library University Library 05/12/2012   519.214 FIS 00067880 05/12/2012 05/12/2012 Books
University Library, CUSAT